000 00246nam a2200097Ia 4500
008 120527s9999 xx 000 0 und d
100 _aAYENI,R.O
245 _aIntroductory to University Mathematics vol 2.
260 _bDept of Maths.
942 _cBK
999 _c23475
_d23475